| 000 | 00653nam a22002177a 4500 | ||
|---|---|---|---|
| 003 | OSt | ||
| 005 | 20220107122728.0 | ||
| 008 | 140104b xxu||||| |||| 00| 0 eng d | ||
| 020 | _a9788120329713 | ||
| 040 | _cIIITM-K | ||
| 082 | _a621.367 JOS/D;1 | ||
| 100 |
_aJoshi, Madhuri A _92789 |
||
| 245 |
_aDigital image processing: _bAn algorithmic approach _cby Madhuri A Joshi |
||
| 260 |
_aNew Delhi, _bPHI Learning, _c2006. |
||
| 300 | _axviii, 337p. | ||
| 650 |
_aELECTRONIC COMMUNICATION _92790 |
||
| 650 |
_aINFORMATION AND COMMUNICATION TECHNOLOGY _92791 |
||
| 650 |
_aSIGNAL PROCESSING _92792 |
||
| 650 |
_aIMAGE ANALYSIS _92793 |
||
| 942 |
_2ddc _cBK |
||
| 999 |
_c3498 _d3498 |
||